|
|
|
|
| LEADER |
00000cam a2200000 7i4500 |
| 001 |
0000003812 |
| 002 |
000004111 |
| 005 |
20000330.0 |
| 020 |
|
|
|a 0460022504
|
| 090 |
0 |
0 |
|a F
|b YAT
|
| 100 |
1 |
|
|a Yates, Dornford
|
| 245 |
1 |
0 |
|a She fell among thieves
|c Dornford Yates
|
| 260 |
|
|
|a London :
|b J.M Dent & Son Utd ,
|c 1985
|
| 300 |
|
|
|a 207p. ;
|c 20cm.
|
| 490 |
0 |
|
|a Classic thriller
|
| 650 |
0 |
0 |
|a Thriller fiction
|
| 999 |
|
|
|a 032399
|b BUKU
|c PINJAMAN
|e PERPUSTAKAAN KOMUNITI PETALING JAYA
|
| 999 |
|
|
|a 032400
|b BUKU
|c PINJAMAN
|e PERPUSTAKAAN KOMUNITI PETALING JAYA
|
| 999 |
|
|
|a 032401
|b BUKU
|c PINJAMAN
|e PERPUSTAKAAN KOMUNITI PETALING JAYA
|